000 00781nam a2200229 i 4500
001 100040
003 ES-MaACL
005 20250725232353.0
007 t|
008 050921s1966 sp ||||1| spa d
100 1 _aMartínez Torner, Eduardo.
_978446
245 1 0 _aLírica hispánica
_b: relaciones entre lo popular y lo culto /
_cEduardo Martínez Torner ; prólogo de Homero Serís.
260 _aMadrid :
_bCastalia,
_c1966.
300 _a459 p. ;
_c23 cm.
490 1 _aLa Lupa y el Escalpelo ;
_v5
650 4 _aCanciones españolas.
_9168791
650 7 _aPoesías españolas
_2embne
_916214
700 1 _aSerís, Homero,
_d1879-1969
_9105555
830 0 _aLa Lupa y el Escalpelo ;
_v5
_9186878
852 _aES-MaACL
_jE-8330
_bR.92676
999 _c100040
_d100040